| 000 | 00567nam a2200181 i 4500 | ||
|---|---|---|---|
| 001 | 70770 | ||
| 003 | ES-MaACL | ||
| 007 | t| | ||
| 008 | 040802s1909 fr ||||1| fre d | ||
| 100 | 1 |
_aGarnier, Marcel. _955613 |
|
| 245 | 1 | 0 |
_aDictionnaire des termes techniques de Medicine / _cpar Marcel Garnier et V. Delamore ; préface de G. H. Roger. |
| 250 | _a4éme ed. | ||
| 260 |
_aParís : _b[s.n., _c1909] ( _fPh. Renouard) |
||
| 300 |
_aXIV, 594 p. ; _c15 cm. |
||
| 700 | 1 |
_aDelamore, V. _943308 |
|
| 700 | 1 |
_aRoger, Georges Henri. _998929 |
|
| 852 |
_aES-MaACL _jE-314 |
||
| 999 |
_c70770 _d70770 |
||